000 00244nam a2200097Ia 4500
001 1300083
005 20260420095857.0
008 260420s9999 xx 000 0 und d
245 0 _aDEVE HÖRGÜÇ
_cNUR KUTLU
260 _bTİMAŞ ÇOCUK YAYINLARI
999 _c1300083
_d1300083